| 000 | 01108nam a2200301 a 4500 | ||
|---|---|---|---|
| 001 | 000006220 | ||
| 003 | DO-SdBNP | ||
| 005 | 20250120110508.0 | ||
| 007 | ta | ||
| 008 | 090827s1996 dr c 000 0 spa d | ||
| 020 | _a8489539391 | ||
| 040 |
_aDO-SdBNP _bspa _cBNPHU |
||
| 049 | _aBNPD | ||
| 082 | 4 |
_a331.8832 _bS237t _222 |
|
| 100 | 1 |
_aSantos, Rafael, _d1968- _943510 |
|
| 245 | 1 | 0 |
_aTreinta años de gremialismo magisterial en República Dominicana / _cRafael Santos ; prólogo Lorenzo Guadamuz Sandoval. |
| 260 |
_aSanto Domingo : _bDe Colores, _c1996. |
||
| 300 |
_a379 p. : _bilustraciones ; _c22 cm. |
||
| 500 | _aIncluye datos biográficos del autor en las solapas | ||
| 500 | _aIncluye referencias bibliográficas y notas al pie de las páginas | ||
| 504 | _aBibliográfia : p. 331-334 | ||
| 590 | _aInventariado, 2018/VM | ||
| 650 | 4 |
_aAsociaciones de maestros _zRepública Dominicana _917390 |
|
| 650 | 4 |
_aSindicatos de maestros _zRepública Dominicana _917391 |
|
| 700 | 1 |
_aGuadamuz Sandoval, Lorenzo, _eprólogo _917392 |
|
| 910 | _aValidado. Control de calidad MFF | ||
| 942 |
_2ddc _cLBS1 |
||
| 999 |
_c6015 _d6015 |
||